[Event "March of Kings"]
[Site "Calgary CAN"]
[Date "2010.03.07"]
[Round "4.5"]
[White "Perron, Sean"]
[Black "Holstrom, Phil"]
[Result "1-0"]
[WhiteElo "2081"]
[BlackElo "1777"]
[PlyCount "57"]
[EventDate "2010.03.06"]
[EventType "swiss"]
[EventRounds "5"]
[EventCountry "CAN"]

1. e4 d6 2. d4 g6 3. Nc3 Bg7 4. Be3 Nf6 5. f3 O-O 6. Qd2 Re8 7. O-O-O a6 8. Bh6
Bh8 9. h4 Nh5 10. g4 Ng3 11. Rh2 Nxf1 12. Rxf1 c5 13. Nge2 Nc6 14. d5 Ne5 15.
Kb1 Qa5 16. h5 Nc4 17. Qc1 b5 18. Rfh1 b4 19. Nd1 Na3+ 20. bxa3 bxa3 21. c3 Bd7
22. Bd2 Rab8+ 23. Ka1 Ba4 24. hxg6 fxg6 25. Rxh7 Bf6 26. g5 Bg7 27. Rxg7+ Kxg7
28. c4 Qb6 29. Qc3+ 1-0

[Event "March of Kings"]
[Site "Calgary CAN"]
[Date "2010.03.07"]
[Round "4.8"]
[White "Persaud, Hemant"]
[Black "Ficzere, Tony"]
[Result "1/2-1/2"]
[WhiteElo "1754"]
[BlackElo "1827"]
[PlyCount "62"]
[EventDate "2010.03.06"]
[EventType "swiss"]
[EventRounds "5"]
[EventCountry "CAN"]

1. e4 b6 2. d4 Bb7 3. f3 e6 4. Nc3 Nf6 5. Be3 d6 6. Qd2 Be7 7. O-O-O Nbd7 8. g4
h6 9. Bd3 c5 10. Nge2 Rc8 11. Ng3 cxd4 12. Bxd4 e5 13. Be3 d5 14. exd5 Nxd5 15.
Nxd5 Bxd5 16. Bb5 Bc6 17. Bxc6 Rxc6 18. Nf5 Rg8 19. Rhe1 Nf6 20. Nxe7 Kxe7 21.
Bf4 Qxd2+ 22. Rxd2 e4 23. g5 hxg5 24. Bxg5 Rgc8 25. fxe4 Ke6 26. Rf2 Ng4 27.
Rg2 Ne5 28. Kb1 Nf3 29. Rf1 Nxg5 30. Rxg5 Rxc2 31. Rxg7 Rxh2 1/2-1/2

[Event "March of Kings"]
[Site "Calgary CAN"]
[Date "2010.03.07"]
[Round "5.1"]
[White "Haessel, Dale"]
[Black "Kaminski, Thomas"]
[Result "1/2-1/2"]
[WhiteElo "2274"]
[BlackElo "2243"]
[PlyCount "48"]
[EventDate "2010.03.06"]
[EventType "swiss"]
[EventRounds "5"]
[EventCountry "CAN"]

1. d4 Nf6 2. c4 g6 3. Nf3 Bg7 4. g3 d6 5. Bg2 O-O 6. O-O Nbd7 7. Nc3 e5 8. e4
exd4 9. Nxd4 Re8 10. Re1 a6 11. h3 Rb8 12. Be3 c5 13. Nde2 Ne5 14. b3 b5 15. f4
Ned7 16. Qxd6 b4 17. e5 bxc3 18. exf6 Rxe3 19. fxg7 Rb6 20. Qd1 Rbe6 21. Bd5
Re7 22. Kf2 Qe8 23. Bc6 R7e6 24. Bd5 Re7 1/2-1/2

[Event "March of Kings"]
[Site "Calgary CAN"]
[Date "2010.03.07"]
[Round "5.2"]
[White "Nguyen, Kim"]
[Black "Perron, Sean"]
[Result "1/2-1/2"]
[WhiteElo "2158"]
[BlackElo "2081"]
[PlyCount "30"]
[EventDate "2010.03.06"]
[EventType "swiss"]
[EventRounds "5"]
[EventCountry "CAN"]

1. e4 e6 2. d3 c5 3. Nf3 Nc6 4. g3 g6 5. Bg2 Bg7 6. O-O Nge7 7. Re1 d5 8. Nbd2
O-O 9. h4 Rb8 10. h5 b5 11. exd5 exd5 12. Nf1 b4 13. hxg6 hxg6 14. Rb1 Nf5 15.
N1h2 Nfd4 1/2-1/2

[Event "March of Kings"]
[Site "Calgary CAN"]
[Date "2010.03.07"]
[Round "5.3"]
[White "Sequillion, Aaron"]
[Black "Kalaydina, Regina Veronicka"]
[Result "1-0"]
[WhiteElo "2050"]
[BlackElo "1923"]
[PlyCount "67"]
[EventDate "2010.03.06"]
[EventType "swiss"]
[EventRounds "5"]
[EventCountry "CAN"]

1. e4 c5 2. Nf3 e6 3. d4 cxd4 4. Nxd4 Nf6 5. Nc3 d6 6. g4 h6 7. f3 a6 8. Be3 b5
9. Qd2 Bb7 10. h4 Nbd7 11. O-O-O Rc8 12. Rg1 Nc5 13. g5 hxg5 14. hxg5 Nfd7 15.
g6 Qf6 16. gxf7+ Qxf7 17. b4 Na4 18. Nxa4 bxa4 19. Kb1 Be7 20. Bd3 Ne5 21. f4
Nxd3 22. cxd3 Bf6 23. f5 Bxd4 24. Bxd4 e5 25. Bb2 Rh6 26. Qg5 Rc7 27. Rc1 Bc6
28. Rc2 Qf6 29. Qe3 Qd8 30. Rgc1 Kd7 31. Qb6 Qc8 32. Ka1 Rh8 33. d4 exd4 34.
Qxd4 1-0

[Event "March of Kings"]
[Site "Calgary CAN"]
[Date "2010.03.07"]
[Round "5.6"]
[White "Holstrom, Phil"]
[Black "Todd, Adie"]
[Result "0-1"]
[WhiteElo "1777"]
[BlackElo "1692"]
[PlyCount "64"]
[EventDate "2010.03.06"]
[EventType "swiss"]
[EventRounds "5"]
[EventCountry "CAN"]

1. e4 c5 2. Nc3 d6 3. g3 Nf6 4. Bg2 Nc6 5. d3 g6 6. Bg5 Bg7 7. Qd2 O-O 8. Bh6
Be6 9. Bxg7 Kxg7 10. Nge2 d5 11. Nf4 dxe4 12. Nxe6+ fxe6 13. Nxe4 Nxe4 14. Bxe4
Nd4 15. f4 e5 16. fxe5 Nf3+ 17. Bxf3 Rxf3 18. O-O-O Qd4 19. Rhe1 Raf8 20. Qc3
Qxc3 21. bxc3 Rf2 22. e6 Rg2 23. Rf1 Rff2 24. Rxf2 Rxf2 25. d4 cxd4 26. cxd4
Kf6 27. d5 Ke5 28. c4 Rxa2 29. Re1+ Kd6 30. Rd1 Ra1+ 31. Kc2 Rxd1 32. Kxd1 b5
0-1

[Event "Maritime op"]
[Site "Halifax CAN"]
[Date "2010.10.10"]
[Round "6"]
[White "Ng, Gary"]
[Black "McKim, Fred"]
[Result "1/2-1/2"]
[WhiteElo "2242"]
[BlackElo "2009"]
[PlyCount "76"]
[EventDate "2010.10.10"]
[EventType "swiss"]
[EventRounds "6"]
[EventCountry "CAN"]

1. b4 Nf6 2. Bb2 d5 3. Nf3 Bf5 4. e3 e6 5. c4 c6 6. Qb3 Be7 7. Nc3 h6 8. d4
Nbd7 9. a4 O-O 10. Be2 dxc4 11. Bxc4 Nb6 12. Be2 Nbd5 13. Nxd5 cxd5 14. O-O Rc8
15. Rfc1 Bd6 16. Rxc8 Qxc8 17. Rc1 Qb8 18. b5 Rc8 19. Qd1 Rxc1 20. Qxc1 Qc7 21.
Qxc7 Bxc7 22. Ne1 Ba5 23. Nd3 Kf8 24. Ba3+ Ke8 25. f3 Nd7 26. Kf2 Bc7 27. Bb4
a5 28. bxa6 bxa6 29. a5 Bxd3 30. Bxd3 Nb8 31. Bc5 h5 32. Ba7 Nc6 33. Bb6 Nb4
34. Bb5+ Kd8 35. Ba4 Kc8 36. Be8 Bxb6 37. axb6 f6 38. Bxh5 Kb7 1/2-1/2

[Event "Mauricie op"]
[Site "Trois-Rivieres CAN"]
[Date "2010.03.19"]
[Round "1"]
[White "Bolduc, Steve"]
[Black "Desjardins, Michel"]
[Result "1-0"]
[WhiteElo "2308"]
[BlackElo "2031"]
[PlyCount "75"]
[EventDate "2010.03.19"]
[EventType "swiss"]
[EventRounds "5"]
[EventCountry "CAN"]

1. d4 d5 2. c4 c6 3. Nf3 dxc4 4. g3 b5 5. Bg2 Bb7 6. O-O Nf6 7. b3 cxb3 8. Qxb3
e6 9. a4 a6 10. Nc3 Be7 11. Ba3 O-O 12. Rfd1 Bxa3 13. Qxa3 Nbd7 14. Ne5 Qc7 15.
Nd3 Rfd8 16. Rac1 Qa5 17. Qb2 Qb6 18. e3 Rac8 19. Ne4 Nxe4 20. Bxe4 Ba8 21. Nc5
a5 22. Qb1 Nf6 23. Bf3 b4 24. h4 Qc7 25. Bg2 e5 26. Bh3 Rb8 27. Na6 Qe7 28.
Nxb8 Rxb8 29. Bg2 exd4 30. exd4 Qc7 31. Qb3 Qb6 32. Qc4 h6 33. Re1 Qa7 34. Qc5
Qa6 35. Qd6 Rb6 36. Qd8+ Kh7 37. Bf1 Qb7 38. Bd3+ 1-0

[Event "Mauricie op"]
[Site "Trois-Rivieres CAN"]
[Date "2010.03.19"]
[Round "1"]
[White "Larochelle, Martial"]
[Black "Poulin, Mathieu"]
[Result "1-0"]
[WhiteElo "2186"]
[BlackElo "1894"]
[PlyCount "51"]
[EventDate "2010.03.19"]
[EventType "swiss"]
[EventRounds "5"]
[EventCountry "CAN"]

1. d4 Nf6 2. c4 e6 3. Nc3 Bb4 4. Qc2 c5 5. dxc5 Bxc5 6. Nf3 b6 7. e3 Bb7 8. Be2
O-O 9. O-O d5 10. Rd1 Qc7 11. cxd5 Nxd5 12. Nxd5 Bxd5 13. Bd2 Nd7 14. Rac1 Qb7
15. Bc3 Be7 16. e4 Bxe4 17. Rxd7 Qxd7 18. Qxe4 Qd5 19. Qg4 g6 20. Ne5 Rac8 21.
Bc4 Qc5 22. Bxe6 Rc7 23. Nxf7 Rxf7 24. Qf3 Bg5 25. Re1 Qc6 26. Bxf7+ 1-0

[Event "Mauricie op"]
[Site "Trois-Rivieres CAN"]
[Date "2010.03.19"]
[Round "1"]
[White "Libersan, Thierry"]
[Black "Auger, Bertrand"]
[Result "1-0"]
[WhiteElo "2122"]
[BlackElo "1828"]
[PlyCount "41"]
[EventDate "2010.03.19"]
[EventType "swiss"]
[EventRounds "5"]
[EventCountry "CAN"]

1. e4 e6 2. d4 d5 3. Nc3 dxe4 4. Nxe4 Bd7 5. Nf3 Bc6 6. Bd3 Nd7 7. O-O Ngf6 8.
Qe2 Bxe4 9. Bxe4 Nxe4 10. Qxe4 c6 11. c4 Nf6 12. Qe2 Be7 13. Bg5 h6 14. Bh4 g5
15. Bg3 g4 16. Ne5 Qxd4 17. Rfe1 Bb4 18. Nxf7 Bxe1 19. Qxe6+ Kf8 20. Nxh8 Kg7
21. Rxe1 1-0

[Event "Mauricie op"]
[Site "Trois-Rivieres CAN"]
[Date "2010.03.19"]
[Round "1"]
[White "Sambuev, Bator"]
[Black "Plante, Michel"]
[Result "1-0"]
[WhiteElo "2550"]
[BlackElo "2080"]
[PlyCount "39"]
[EventDate "2010.03.19"]
[EventType "swiss"]
[EventRounds "5"]
[EventCountry "CAN"]

1. e4 d6 2. d4 Nf6 3. Nc3 Nbd7 4. Nf3 e5 5. Bc4 Be7 6. O-O O-O 7. Re1 exd4 8.
Nxd4 Ne5 9. Bf1 c5 10. Nb3 a6 11. a4 Bg4 12. f3 Be6 13. f4 Nc6 14. f5 Bxb3 15.
cxb3 Nd4 16. Be3 d5 17. e5 Nxf5 18. exf6 Bxf6 19. Bxc5 Re8 20. Qxd5 1-0

[Event "Mauricie op"]
[Site "Trois-Rivieres CAN"]
[Date "2010.03.19"]
[Round "1"]
[White "Valley, Michel"]
[Black "Mai, Lloyd"]
[Result "0-1"]
[WhiteElo "2017"]
[BlackElo "2294"]
[PlyCount "48"]
[EventDate "2010.03.19"]
[EventType "swiss"]
[EventRounds "5"]
[EventCountry "CAN"]

1. e4 c5 2. Nf3 d6 3. d4 cxd4 4. Nxd4 Nf6 5. Nc3 g6 6. Be3 Bg7 7. f3 O-O 8. Qd2
Nc6 9. Bc4 Bd7 10. O-O-O Rc8 11. Bb3 Ne5 12. h4 h5 13. Nd5 a5 14. a3 a4 15. Ba2
Nxd5 16. Bxd5 Nc4 17. Bxc4 Rxc4 18. g4 hxg4 19. h5 e5 20. hxg6 exd4 21. Qh2
fxg6 22. Rxd4 Rxd4 23. Bxd4 Qg5+ 24. Kb1 Qh5 0-1

[Event "Mauricie op"]
[Site "Trois-Rivieres CAN"]
[Date "2010.03.20"]
[Round "2"]
[White "Auger, Bertrand"]
[Black "Valley, Michel"]
[Result "1/2-1/2"]
[WhiteElo "1828"]
[BlackElo "2017"]
[PlyCount "86"]
[EventDate "2010.03.19"]
[EventType "swiss"]
[EventRounds "5"]
[EventCountry "CAN"]

1. Nf3 Nf6 2. g3 g6 3. b4 Bg7 4. Bb2 d5 5. Bg2 O-O 6. d3 c6 7. O-O a5 8. a3 Na6
9. Nbd2 axb4 10. axb4 Qb6 11. c4 Be6 12. Bd4 Qc7 13. Qb1 dxc4 14. dxc4 Qd7 15.
Qb2 Rfd8 16. Rfd1 Nc7 17. Rxa8 Nxa8 18. e3 Bg4 19. Ne5 Qe6 20. Nxg4 Qxg4 21.
Bf3 Qe6 22. Ra1 Nc7 23. Ra7 Qc8 24. Nb3 Ne6 25. Qa1 Nxd4 26. exd4 Qf5 27. Nd2
Qd3 28. Ra8 Rxa8 29. Qxa8+ Bf8 30. Qa2 Qxd4 31. Qc2 Qe5 32. Ne4 Nd7 33. Qd1 Nb6
34. Nc5 Qc7 35. Qb3 Bg7 36. b5 Bd4 37. Na4 cxb5 38. Qxb5 Nxc4 39. Qxb7 Qxb7 40.
Bxb7 Kg7 41. h4 Kf6 42. Kf1 Ke5 43. Ke2 Nd6 1/2-1/2

[Event "Mauricie op"]
[Site "Trois-Rivieres CAN"]
[Date "2010.03.20"]
[Round "2"]
[White "Chabot, Roland"]
[Black "Panayotov, Ivo"]
[Result "0-1"]
[WhiteElo "2249"]
[BlackElo "2037"]
[PlyCount "120"]
[EventDate "2010.03.19"]
[EventType "swiss"]
[EventRounds "5"]
[EventCountry "CAN"]

1. d4 d5 2. c4 e6 3. Nc3 Nf6 4. cxd5 exd5 5. Bg5 Be7 6. e3 O-O 7. Bd3 h6 8. Bh4
c6 9. Nge2 a5 10. O-O Ne4 11. Bxe7 Qxe7 12. Qc2 Nd6 13. Rae1 f5 14. Nc1 Na6 15.
a3 Bd7 16. Nb3 Nc7 17. Nd2 Ne6 18. Nf3 Ng5 19. Ne5 Rf6 20. f3 Ndf7 21. f4 Ne4
22. Nxe4 fxe4 23. Be2 g6 24. Kh1 Kg7 25. g4 g5 26. Qd2 Nd6 27. Rg1 Be6 28. Rg2
Nf7 29. Reg1 Qc7 30. h4 Rh8 31. Rh2 Qb6 32. Bd1 Qc7 33. Rh3 Qd8 34. Rg2 Rf8 35.
f5 Bc8 36. Ng6 Rxg6 37. fxg6 Kxg6 38. h5+ Kg7 39. Rhh2 Nd6 40. Rf2 Nc4 41. Qe2
Qe7 42. Rxf8 Qxf8 43. Rf2 Bxg4 44. Qf1 Bf3+ 45. Bxf3 exf3 46. Rxf3 Qe8 47. Qh3
Nd2 48. Rf2 Qe4+ 49. Kh2 g4 50. Qg3 Nf3+ 51. Rxf3 Qxf3 52. Qe5+ Kf7 53. Qc7+
Ke6 54. Qe5+ Kd7 55. Qg7+ Kc8 56. Qh8+ Kc7 57. Qe5+ Kb6 58. b4 axb4 59. axb4
Qf2+ 60. Kh1 g3 0-1

[Event "Mauricie op"]
[Site "Trois-Rivieres CAN"]
[Date "2010.03.20"]
[Round "2"]
[White "Dumont, Felix"]
[Black "Xiong, Jerry"]
[Result "1/2-1/2"]
[WhiteElo "1978"]
[BlackElo "2084"]
[PlyCount "91"]
[EventDate "2010.03.19"]
[EventType "swiss"]
[EventRounds "5"]
[EventCountry "CAN"]

1. e4 c5 2. Nf3 d6 3. c4 Nc6 4. d4 cxd4 5. Nxd4 g6 6. Nc3 Bg7 7. Be3 Nf6 8. Be2
O-O 9. O-O a6 10. Qd2 Be6 11. f3 Rc8 12. Nd5 Nd7 13. Rac1 Bxd5 14. cxd5 Nxd4
15. Bxd4 Bxd4+ 16. Qxd4 Qa5 17. a3 b5 18. Qe3 Qb6 19. Kf2 Qb7 20. h4 Rxc1 21.
Rxc1 Rc8 22. h5 Rxc1 23. Qxc1 Qb6+ 24. Qe3 gxh5 25. a4 bxa4 26. Qxb6 Nxb6 27.
Bxa6 Kg7 28. Ke3 Kg6 29. Kf4 e6 30. dxe6 fxe6 31. e5 d5 32. Bd3+ Kf7 33. Ke3 h4
34. Kd4 Nc8 35. Bxh7 Ne7 36. f4 Ng6 37. f5 Nf4 38. fxe6+ Ke7 39. Bf5 Nxg2 40.
Bg4 Nf4 41. Bf5 h3 42. Bxh3 Nxh3 43. Kxd5 Nf2 44. Kc4 Nd1 45. Kb4 Nxb2 46. Ka3
1/2-1/2

[Event "Mauricie op"]
[Site "Trois-Rivieres CAN"]
[Date "2010.03.20"]
[Round "2"]
[White "Gras, Guillaume"]
[Black "Bolduc, Steve"]
[Result "0-1"]
[WhiteElo "2143"]
[BlackElo "2308"]
[PlyCount "104"]
[EventDate "2010.03.19"]
[EventType "swiss"]
[EventRounds "5"]
[EventCountry "CAN"]

1. e4 d6 2. d4 Nf6 3. Nc3 g6 4. Be2 Bg7 5. g4 c5 6. g5 Nfd7 7. d5 b6 8. h4 Ba6
9. h5 Rg8 10. f4 b5 11. hxg6 hxg6 12. a3 b4 13. Nb5 c4 14. Bxc4 Nb6 15. Bd3 Qd7
16. Qe2 bxa3 17. Rxa3 Kf8 18. Nf3 Bb7 19. c4 Na6 20. Be3 Nc5 21. b4 Nxd3+ 22.
Qxd3 Qg4 23. Kf2 a6 24. Nc7 Nxc4 25. Qxc4 Rc8 26. Ra2 Qd7 27. Rc2 Rh8 28. Rhc1
Rh3 29. Qf1 Kg8 30. Qg2 Rh5 31. Nd4 Qa4 32. Rc4 Qa3 33. R1c3 Qa1 34. Qg1 Qb2+
35. Rc2 Qa3 36. Nf3 Kh7 37. Kg3 Qd3 38. Qe1 Rh8 39. Qe2 Qb3 40. Bd4 Bxd4 41.
Rxd4 Kg7 42. Rd3 Qb1 43. Rd1 Qb3 44. Qd3 Rh3+ 45. Kg2 Rxf3 46. Ne8+ Kf8 47.
Qxb3 Rxb3 48. Rc7 Rxb4 49. Rd4 Rb2+ 50. Kg3 Kxe8 51. e5 dxe5 52. fxe5 Kd8 0-1

[Event "Mauricie op"]
[Site "Trois-Rivieres CAN"]
[Date "2010.03.20"]
[Round "2"]
[White "Mai, Lloyd"]
[Black "Libersan, Thierry"]
[Result "0-1"]
[WhiteElo "2294"]
[BlackElo "2122"]
[PlyCount "58"]
[EventDate "2010.03.19"]
[EventType "swiss"]
[EventRounds "5"]
[EventCountry "CAN"]

1. e4 c5 2. Nc3 Nc6 3. Nge2 e6 4. d4 cxd4 5. Nxd4 Qc7 6. Be3 a6 7. Bd3 b5 8.
O-O Bb7 9. Nb3 Nf6 10. f4 d6 11. a3 Be7 12. Qe2 O-O 13. Rad1 Rac8 14. Rf3 Ng4
15. Bc1 b4 16. Na4 bxa3 17. bxa3 Na5 18. Rh3 Nxb3 19. cxb3 Qxc1 20. Qxg4 Qxa3
21. f5 exf5 22. exf5 Bf6 23. Rh6 Rc1 24. Rxf6 Rxd1+ 25. Qxd1 gxf6 26. Bf1 Qb4
27. Qa1 Kg7 28. Nc3 Qd4+ 29. Kh1 Rc8 0-1

[Event "Mauricie op"]
[Site "Trois-Rivieres CAN"]
[Date "2010.03.20"]
[Round "2"]
[White "Poulin, Mathieu"]
[Black "Lemire-Paquin, Alexandre"]
[Result "1-0"]
[WhiteElo "1894"]
[BlackElo "2080"]
[PlyCount "139"]
[EventDate "2010.03.19"]
[EventType "swiss"]
[EventRounds "5"]
[EventCountry "CAN"]

1. d4 Nf6 2. c4 g6 3. Nc3 Bg7 4. e4 d6 5. f3 O-O 6. Be3 a6 7. Nge2 Nbd7 8. Qd2
c5 9. Rd1 Qa5 10. Nc1 cxd4 11. Bxd4 Rb8 12. Nb3 Qc7 13. Na1 Ne5 14. b3 Bd7 15.
a4 Bc6 16. Be2 e6 17. Qe3 b6 18. O-O Ned7 19. Qf2 Nc5 20. Rc1 a5 21. Rfd1 Rfe8
22. Bf1 Rbd8 23. Kh1 e5 24. Be3 Nfd7 25. Bd3 Nb8 26. Rb1 Nba6 27. Nc2 Rb8 28.
Nb5 Qe7 29. Be2 Red8 30. Qe1 Nc7 31. Nc3 f5 32. Bd3 Rf8 33. Nd5 Nxd5 34. cxd5
Bd7 35. Bxc5 dxc5 36. Ne3 Bh6 37. Nc4 f4 38. Kg1 Bg5 39. Kf1 Bh4 40. Qc3 Be8
41. Na3 g5 42. h3 h5 43. Bb5 g4 44. hxg4 hxg4 45. Ke2 Bxb5+ 46. Nxb5 Rb7 47.
Qc4 Qg5 48. Rg1 Rg7 49. Nd6 Rd8 50. Nf5 Rh7 51. Qb5 Qf6 52. Rh1 Rb8 53. Rbd1
Rh5 54. Qd7 Rxf5 55. Qxf5 Qxf5 56. exf5 gxf3+ 57. gxf3 Bg3 58. Rh6 Rf8 59. d6
Kf7 60. Kd3 Ke8 61. Ke4 Bf2 62. Kxe5 Bd4+ 63. Ke6 Kd8 64. f6 Re8+ 65. Kd5 Rf8
66. Rxd4 cxd4 67. Kxd4 Kd7 68. Kd5 Rf7 69. Rg6 Rf8 70. Rg7+ 1-0

[Event "Mauricie op"]
[Site "Trois-Rivieres CAN"]
[Date "2010.03.20"]
[Round "2"]
[White "Prahov, Valentin"]
[Black "Sambuev, Bator"]
[Result "0-1"]
[WhiteElo "2206"]
[BlackElo "2550"]
[PlyCount "164"]
[EventDate "2010.03.19"]
[EventType "swiss"]
[EventRounds "5"]
[EventCountry "CAN"]

1. e4 e6 2. d4 d5 3. e5 c5 4. c3 Nc6 5. Nf3 Qb6 6. a3 Nh6 7. b4 cxd4 8. cxd4
Nf5 9. Be3 Bd7 10. Bd3 Rc8 11. O-O Be7 12. Bxf5 exf5 13. Qd3 O-O 14. Nc3 Be6
15. Na4 Qd8 16. Nc5 b6 17. Na6 h6 18. Rfc1 Qd7 19. Rc3 Nb8 20. Nxb8 Rxc3 21.
Qxc3 Rxb8 22. Qb3 Rc8 23. Rc1 Rc4 24. Rxc4 dxc4 25. Qc2 g5 26. h3 f4 27. Bd2 b5
28. Bc3 Bf5 29. Qd2 Qd5 30. Qe2 Kh7 31. Nd2 Bd8 32. Qf3 Qxf3 33. Nxf3 Be6 34.
Nd2 f6 35. exf6 Bxf6 36. Ne4 Bg7 37. f3 Kg6 38. Kf2 Bf8 39. Ke2 Kf5 40. Kd2 Bd5
41. Nf2 h5 42. Ke2 Be7 43. Kd2 Bc6 44. Ke2 Ke6 45. Bb2 Bd8 46. Ne4 g4 47. hxg4
hxg4 48. Nf2 gxf3+ 49. gxf3 a5 50. bxa5 Bxa5 51. Ne4 Bc7 52. Bc3 Kf5 53. Nf2
Bd6 54. Bb2 Be7 55. Nd1 Bf6 56. Nf2 Bd8 57. Bc3 Be7 58. Bb2 b4 59. axb4 Bxb4
60. Nd1 Ba4 61. Nc3 Bc2 62. Na2 Bd3+ 63. Kd1 Be7 64. Nc1 Bf1 65. Ke1 Bh3 66.
Ne2 Bh4+ 67. Kd2 Bg2 68. Bc1 Bf1 69. Kd1 Bg3 70. Bd2 Bh3 71. Nxg3+ fxg3 72. Kc2
Bf1 73. Kc3 Ke6 74. Bf4 g2 75. Bh2 Be2 76. Bg1 Kd5 77. f4 Bg4 78. Kb4 Be6 79.
Kc3 Ke4 80. Bh2 Ke3 81. f5 Bf7 82. f6 Kf2 0-1

[Event "Mauricie op"]
[Site "Trois-Rivieres CAN"]
[Date "2010.03.20"]
[Round "2"]
[White "Qin, Zi Yi (Joey)"]
[Black "Ramaswamy, Kishor"]
[Result "1/2-1/2"]
[WhiteElo "2092"]
[BlackElo "2243"]
[PlyCount "131"]
[EventDate "2010.03.19"]
[EventType "swiss"]
[EventRounds "5"]
[EventCountry "CAN"]

1. e4 c6 2. d4 d5 3. exd5 cxd5 4. c4 Nf6 5. Nc3 e6 6. Nf3 Bb4 7. cxd5 Nxd5 8.
Bd2 O-O 9. Bd3 Nc6 10. O-O Be7 11. Qe2 Nf6 12. Be3 Nb4 13. Bc4 b6 14. Ne5 Bb7
15. Rad1 Nbd5 16. Bg5 Rc8 17. Bxf6 Bxf6 18. Ne4 Qe7 19. f4 Rfd8 20. a3 Bxe5 21.
dxe5 Rxc4 22. Qxc4 Ne3 23. Rxd8+ Qxd8 24. Qa4 Nxf1 25. Nd6 Ne3 26. Nxb7 Qd1+
27. Qxd1 Nxd1 28. b3 Kf8 29. Nd6 a6 30. a4 Ne3 31. Kf2 Nd5 32. g3 Ke7 33. Ne4
f6 34. exf6+ gxf6 35. Ke2 f5 36. Ng5 h6 37. Nf3 Kd6 38. Kd3 Kc5 39. Nd4 Nb4+
40. Kc3 Na2+ 41. Kd3 Nc1+ 42. Kc3 Na2+ 43. Kd3 Nc1+ 44. Kc3 Kd5 45. Nc2 Ke4 46.
b4 Ne2+ 47. Kc4 h5 48. a5 bxa5 49. bxa5 h4 50. gxh4 Kxf4 51. Nb4 Ke3 52. h5 f4
53. h6 f3 54. h7 f2 55. h8=Q f1=Q 56. Qe5+ Kd2 57. Qd6+ Kc1 58. Nd3+ Kc2 59.
Qb4 Qf5 60. Qb2+ Kd1 61. Qb1+ Kd2 62. Qb2+ Kd1 63. Qb1+ Kd2 64. Qb4+ Kc2 65.
Qb3+ Kd2 66. Qb2+ 1/2-1/2

[Event "Mauricie op"]
[Site "Trois-Rivieres CAN"]
[Date "2010.03.20"]
[Round "2"]
[White "Rainfray, Arnaud"]
[Black "Pepin, Christian"]
[Result "1-0"]
[WhiteElo "2386"]
[BlackElo "1960"]
[PlyCount "61"]
[EventDate "2010.03.19"]
[EventType "swiss"]
[EventRounds "5"]
[EventCountry "CAN"]

1. e4 c6 2. c4 d5 3. exd5 cxd5 4. cxd5 Nf6 5. Nc3 Nxd5 6. Nf3 Nc6 7. Bb5 Bg4 8.
h3 Bxf3 9. Qxf3 e6 10. O-O Be7 11. Rd1 O-O 12. d4 Rc8 13. Bc4 Nxc3 14. bxc3 Bf6
15. Bd3 Qa5 16. Be4 Rfd8 17. Bd2 Bg5 18. Rab1 Bxd2 19. Rxb7 Rc7 20. Rxc7 Qxc7
21. Rxd2 Ne7 22. Qd3 Rc8 23. Rc2 Rb8 24. g3 h6 25. c4 Nc6 26. Qc3 Rb1+ 27. Kg2
Rb8 28. Rd2 Rd8 29. d5 Ne7 30. d6 Rxd6 31. Qe5 1-0

[Event "Mauricie op"]
[Site "Trois-Rivieres CAN"]
[Date "2010.03.20"]
[Round "2"]
[White "Robichaud, Louis"]
[Black "Allard, Laurent"]
[Result "1-0"]
[WhiteElo "2046"]
[BlackElo "1862"]
[PlyCount "131"]
[EventDate "2010.03.19"]
[EventType "swiss"]
[EventRounds "5"]
[EventCountry "CAN"]

1. e4 c5 2. Nc3 Nc6 3. g3 d6 4. Bg2 g6 5. d3 Bg7 6. f4 e6 7. Nf3 Nge7 8. O-O
O-O 9. Be3 a6 10. d4 cxd4 11. Nxd4 Qc7 12. Nxc6 Nxc6 13. Qd3 Ne7 14. Rad1 d5
15. exd5 exd5 16. Bd4 Bf5 17. Qd2 Rac8 18. Bxg7 Kxg7 19. Qd4+ Kg8 20. Rd2 Nc6
21. Qf6 d4 22. Nd5 Qd8 23. c4 Qxf6 24. Nxf6+ Kg7 25. Ne4 Bxe4 26. Bxe4 Rfd8 27.
Rfd1 Rd6 28. Bxc6 Rdxc6 29. b3 b5 30. cxb5 axb5 31. Kf1 Rc2 32. Ke2 R8c3 33.
Rxc2 Rxc2+ 34. Rd2 Rc1 35. Kd3 Kf6 36. Kxd4 Ke6 37. Kd3 Kd5 38. Rc2 Rd1+ 39.
Kc3 Kc5 40. Re2 b4+ 41. Kb2 Rh1 42. a3 bxa3+ 43. Kxa3 f5 44. b4+ Kb5 45. Re5+
Kb6 46. Ka4 Ra1+ 47. Kb3 Rh1 48. Re2 Kb5 49. Kc3 Rc1+ 50. Kd4 Rc7 51. Rb2 Re7
52. Kd5 h6 53. Rc2 Kxb4 54. Rc6 g5 55. Re6 Rh7 56. Ke5 gxf4 57. gxf4 Kc5 58.
Kxf5 Kd5 59. h4 h5 60. Re5+ Kd6 61. Kg6 Rh8 62. Rxh5 Rf8 63. f5 Ke7 64. Rh7+
Ke8 65. f6 Rg8+ 66. Rg7 1-0

[Event "Mauricie op"]
[Site "Trois-Rivieres CAN"]
[Date "2010.03.20"]
[Round "2"]
[White "Schommer, Philippe"]
[Black "Fortier, Marc-Andre"]
[Result "0-1"]
[WhiteElo "1784"]
[BlackElo "2125"]
[PlyCount "70"]
[EventDate "2010.03.19"]
[EventType "swiss"]
[EventRounds "5"]
[EventCountry "CAN"]

1. e4 c5 2. f4 e6 3. Nf3 Nc6 4. Bb5 Nge7 5. O-O a6 6. Bd3 Nb4 7. Be2 d5 8. e5
d4 9. d3 Nbd5 10. c4 dxc3 11. Nxc3 Nf5 12. Nxd5 Qxd5 13. Qa4+ Bd7 14. Qe4 h5
15. Qxd5 exd5 16. Bd2 Be7 17. Rae1 Bb5 18. Kf2 Rh6 19. Rc1 Rb6 20. Rc2 a5 21.
g3 g6 22. h3 Ba4 23. b3 Bd7 24. g4 hxg4 25. hxg4 Nh6 26. Nh2 a4 27. Rb1 axb3
28. axb3 Ra3 29. Rcb2 Bb5 30. f5 gxf5 31. g5 Ng4+ 32. Nxg4 fxg4 33. b4 Bxd3 34.
Bxd3 Rxd3 35. bxc5 Rxd2+ 0-1

[Event "Mauricie op"]
[Site "Trois-Rivieres CAN"]
[Date "2010.03.20"]
[Round "2"]
[White "Wilkin, Alain"]
[Black "Luksza, Arkadiusz"]
[Result "0-1"]
[WhiteElo "1931"]
[BlackElo "2207"]
[PlyCount "74"]
[EventDate "2010.03.19"]
[EventType "swiss"]
[EventRounds "5"]
[EventCountry "CAN"]

1. e4 d6 2. d4 g6 3. Nf3 Bg7 4. Be2 Nf6 5. Nc3 c6 6. O-O O-O 7. Re1 Qc7 8. h3
e5 9. Bf1 b5 10. dxe5 dxe5 11. Bg5 h6 12. Bd2 Nbd7 13. a3 Rd8 14. Qc1 Kh7 15.
g3 Nf8 16. Bg2 a6 17. Nh2 Ne6 18. Be3 Bb7 19. Nf1 Rd7 20. f4 exf4 21. gxf4 c5
22. e5 Bxg2 23. exf6 Bxf1 24. Rxf1 Bxf6 25. Ne4 Bh8 26. c3 Re8 27. Nf2 Ng7 28.
Ng4 Nf5 29. Bf2 h5 30. Nh2 Qc6 31. Qc2 Bf6 32. Rfe1 Rxe1+ 33. Rxe1 c4 34. Re4
Rd3 35. Qe2 Ng3 36. Bxg3 Rxg3+ 37. Kf1 Qd7 0-1

[Event "Mauricie op"]
[Site "Trois-Rivieres CAN"]
[Date "2010.03.20"]
[Round "3"]
[White "Fortier, Marc-Andre"]
[Black "Qin, Zi Yi (Joey)"]
[Result "0-1"]
[WhiteElo "2125"]
[BlackElo "2092"]
[PlyCount "64"]
[EventDate "2010.03.19"]
[EventType "swiss"]
[EventRounds "5"]
[EventCountry "CAN"]

1. e4 c5 2. Nc3 Nc6 3. g3 g6 4. Bg2 Bg7 5. d3 d6 6. Be3 e5 7. Qd2 Nd4 8. Nd1
Ne7 9. c3 Ne6 10. Bh6 f5 11. Bxg7 Nxg7 12. Ne2 O-O 13. O-O Nc6 14. f4 Be6 15.
Ne3 Qf6 16. b3 Rfe8 17. fxe5 dxe5 18. exf5 gxf5 19. Ng4 Qe7 20. Bxc6 bxc6 21.
Nxe5 Bd5 22. d4 cxd4 23. cxd4 c5 24. Rfe1 Be4 25. Nc4 Rad8 26. Rad1 Ne6 27. Qe3
Ng5 28. Nd2 Qg7 29. dxc5 Bc2 30. Qc3 Bxd1 31. Rxd1 Qxc3 32. Nxc3 Rxd2 0-1